<?xml version="1.0" encoding="UTF-8"?>
<marc:record xmlns:marc="http://www.loc.gov/MARC21/slim">
   <marc:leader>00000nam a2200000 a 4500</marc:leader>
   <marc:datafield ind1="1" ind2=" " tag="100">
      <marc:subfield code="a">Nikisch, Markus</marc:subfield>
      <marc:subfield code="4">aut</marc:subfield>
      <marc:subfield code="e">Verfasser/-in</marc:subfield>
   </marc:datafield>
   <marc:datafield ind1="1" ind2=" " tag="100">
      <marc:subfield code="a">Storch, Imke</marc:subfield>
      <marc:subfield code="4">aut</marc:subfield>
      <marc:subfield code="e">Verfasser/-in</marc:subfield>
   </marc:datafield>
   <marc:datafield ind1=" " ind2=" " tag="653">
      <marc:subfield code="a">Zahlen</marc:subfield>
   </marc:datafield>
   <marc:datafield ind1=" " ind2=" " tag="653">
      <marc:subfield code="a">soziale Kompetenzen</marc:subfield>
   </marc:datafield>
   <marc:datafield ind1=" " ind2=" " tag="653">
      <marc:subfield code="a">Kognition</marc:subfield>
   </marc:datafield>
   <marc:datafield ind1=" " ind2=" " tag="653">
      <marc:subfield code="a">Kreativität</marc:subfield>
   </marc:datafield>
   <marc:datafield ind1="0" ind2="0" tag="245">
      <marc:subfield code="a">Zähl mal!</marc:subfield>
   </marc:datafield>
   <marc:datafield ind1="0" ind2="0" tag="245">
      <marc:subfield code="b">Meine ersten Spiele</marc:subfield>
   </marc:datafield>
   <marc:datafield ind1="0" ind2="0" tag="245">
      <marc:subfield code="c">Nikisch, Markus</marc:subfield>
   </marc:datafield>
   <marc:datafield ind1=" " ind2="1" tag="264">
      <marc:subfield code="a">Bad Rodach</marc:subfield>
      <marc:subfield code="b">Haba Sales GmbH &amp; Co. KG</marc:subfield>
   </marc:datafield>
   <marc:datafield ind1="1" ind2=" " tag="520">
      <marc:subfield code="a">Meine ersten Spiele – Zähl mal! von HABA lädt auf den Bauernhof ein: Die Spieler helfen Bauer Tim beim Zählen und Füttern der Tierkinder. Mit Würfelglück bewegen sie Tims Traktor zum saftigen Klee. Ist das letzte Kleeblatt verfüttert, gewinnen die Kinder das Spiel. Aber auch ihre ersten Zähl-Kenntnisse werden immer besser. Je öfter sie Meine ersten Spiele – Zähl mal! von HABA spielen, desto leichter fällt das Zählen von 1 bis 12. Und eine Menge Spaß macht das Landleben auf dem Bauernhof auch noch!&#xD;
Inhalt:&#xD;
1 Spielplan, 1 Traktor aus Holz, 12 Kleeblätter aus Holz, 12 Tierkinderplättchen, 1 Würfel, 1 Spielanleitung.&#xD;
ein tierisch-starkes Zählspiel ab 2 Jahren&#xD;
Zahlen 1-12 spielerisch lernen&#xD;
mit tollem Holztraktor als Spielfigur</marc:subfield>
   </marc:datafield>
</marc:record>
